00595nam a22002177a 4500003000500000005001700005008004100022010001000063011001000073035001000083040000900093082001500102100002400117245003500141260006300176300001900239490003000258650002600288700003300314830003000347CHAP20220329141621.0971013s1991 r 00010 d a71086 a72058 a81612 cCHAP a633.71bS400aShew, H. Davideed. aCompendium of tobacco diseases aSt Paul, Minn. :bAmerican Phytopatological Society,c1991 a68 p.b: ilus. aDisease compendium series14aTabacoxEnfermedades.0 aLucas, George Blanchardeed.0 aDisease compendium series